000 00518 a2200181 4500
003 OSt
005 20231202101524.0
008 231202b |||||||| |||| 00| 0 eng d
020 _a9789355491602
040 _coclc
082 _a894.8123
_bBOS/I
100 _aBose, Batten
_96515
245 _aIrupathu Kuttanweshana Kathakal /
_cBatten Bose
250 _a2nd ed.
260 _aKozhikode:
_bMathrubhumi Books,
_c2021.
300 _a96p.
942 _2ddc
_cBK
_h894.8123
_iBOS/I
_k894.8123
_mBOS/I
999 _c43922
_d43922